000 00434nam a2200169Ia 4500
008 221030s9999 xx 000 0 und d
020 _a0071188851
041 _aEnglish
082 _a105.23
_bXan
100 _aZ. Xiang
245 0 _aSchaum`s Outlines Computer Graphics
_cby Z. Xiang, R. Plastock
260 _bMcGraw Hill Pub.
_aNew Delhi
_c2001
300 _a347
650 _aBE Computer
700 _aR. Plastock
942 _cBK
999 _c1510
_d1510